|
|
|
|
| LEADER |
02005nam a2200493 4500 |
| 001 |
on1023860862 |
| 003 |
OCoLC |
| 005 |
20200326101151.0 |
| 006 |
m o d |
| 007 |
cr cnu---unuuu |
| 008 |
180222s2018 maua ob 000 0 eng d |
| 040 |
|
|
|a N$T
|b eng
|e rda
|e pn
|c N$T
|d GZM
|d VLB
|d YDX
|d INT
|d OCLCQ
|d GrThAP
|
| 020 |
|
|
|a 9780128151143
|q (electronic bk.)
|
| 020 |
|
|
|a 0128151145
|q (electronic bk.)
|
| 020 |
|
|
|a 9780128151136
|
| 035 |
|
|
|a (OCoLC)1023860862
|
| 050 |
|
4 |
|a HQ767.9
|
| 072 |
|
7 |
|a SOC
|x 031000
|2 bisacsh
|
| 072 |
|
7 |
|a SOC
|x 020000
|2 bisacsh
|
| 082 |
0 |
4 |
|a 305.231
|2 23
|
| 245 |
0 |
0 |
|a Advances in child development and behavior.
|n Volume fifty four /
|c edited by Janette B. Benson.
|
| 246 |
3 |
|
|a Advances in child development and behavior.
|n Volume 54
|
| 250 |
|
|
|a First edition.
|
| 264 |
|
1 |
|a Cambridge, MA :
|b Academic Press,
|c [2018]
|
| 264 |
|
4 |
|c Ã2018
|
| 300 |
|
|
|a 1 online resource.
|
| 336 |
|
|
|a text
|b txt
|2 rdacontent
|
| 337 |
|
|
|a computer
|b c
|2 rdamedia
|
| 338 |
|
|
|a online resource
|b cr
|2 rdacarrier
|
| 490 |
1 |
|
|a Advances in child development and behavior ;
|v v. 54
|
| 588 |
0 |
|
|a Print version record.
|
| 650 |
|
0 |
|a Child psychology.
|
| 650 |
|
0 |
|a Child development.
|
| 650 |
|
0 |
|a Developmental psychobiology.
|
| 650 |
|
7 |
|a SOCIAL SCIENCE
|x Discrimination & Race Relations.
|2 bisacsh
|
| 650 |
|
7 |
|a SOCIAL SCIENCE
|x Minority Studies.
|2 bisacsh
|
| 650 |
|
7 |
|a Child development.
|2 fast
|0 (OCoLC)fst00854393
|
| 650 |
|
7 |
|a Child psychology.
|2 fast
|0 (OCoLC)fst00854540
|
| 650 |
|
7 |
|a Developmental psychobiology.
|2 fast
|0 (OCoLC)fst00891815
|
| 655 |
|
4 |
|a Electronic books.
|
| 700 |
1 |
|
|a Benson, Janette B.,
|e editor.
|
| 776 |
0 |
8 |
|i Print version:
|t Advances in child development and behavior. Volume fifty four.
|b First edition.
|d Cambridge, [Massachusetts] : Academic Press, 2018
|z 9780128151136
|
| 830 |
|
0 |
|a Advances in child development and behavior ;
|v v. 54.
|
| 856 |
4 |
0 |
|3 ScienceDirect
|u https://www.sciencedirect.com/science/bookseries/00652407/54
|z Full Text via HEAL-Link
|